Securing storage : a practical guide to SAN and NAS security / (Record no. 9131)
[ view plain ]
| 000 -LEADER | |
|---|---|
| fixed length control field | 01293nac a22002411u 4500 |
| 010 ## - LIBRARY OF CONGRESS CONTROL NUMBER | |
| LC control number | 2005021323 |
| 020 ## - INTERNATIONAL STANDARD BOOK NUMBER | |
| International Standard Book Number | 0321349954 (hc. : alk. paper) |
| 082 00 - DEWEY DECIMAL CLASSIFICATION NUMBER | |
| Classification number | 005.8 |
| Item number | DWI |
| 090 ## - LOCALLY ASSIGNED LC-TYPE CALL NUMBER (OCLC); LOCAL CALL NUMBER (OCLC) | |
| -- | 9131 |
| -- | 9131 |
| 100 ## - MAIN ENTRY--PERSONAL NAME | |
| Personal name | Dwivedi, Himanshu. |
| 245 10 - TITLE STATEMENT | |
| Title | Securing storage : a practical guide to SAN and NAS security / |
| Statement of responsibility, etc | Himanshu Dwivedi. |
| 260 ## - PUBLICATION, DISTRIBUTION, ETC. (IMPRINT) | |
| Place of publication, distribution, etc | Upper Saddle River, NJ : |
| Name of publisher, distributor, etc | Addison-Wesley,c2006. |
| Date of publication, distribution, etc | c2006. |
| 300 ## - PHYSICAL DESCRIPTION | |
| Extent | xxxii, 526 p. : |
| Other physical details | ill. ; |
| Dimensions | 24 cm. |
| 500 ## - GENERAL NOTE | |
| General note | Includes index. |
| 500 ## - GENERAL NOTE | |
| General note | Distributer: Al-Ahram. |
| 505 0# - FORMATTED CONTENTS NOTE | |
| Formatted contents note | Introduction to storage security -- SANs: Fibre Channel security -- SANs: LUN masking and HBA security -- SANs: zone and switch security -- NAS security -- NAS: CIFS security -- NAS: NFS security -- SANs: iSCSI security -- Securing Fibre Channel SANs -- Securing NAS -- Securing iSCSI -- Compliance, regulation, and storage -- Auditing and securing storage devices -- Storage security case studies. |
| 511 ## - PARTICIPANT OR PERFORMER NOTE | |
| Participant or performer note | Catalogued By: Mahitab. |
| 650 #0 - SUBJECT ADDED ENTRY--TOPICAL TERM | |
| Topical term or geographic name as entry element | Storage area networks (Computer networks) |
| General subdivision | Security measures. |
| 650 #0 - SUBJECT ADDED ENTRY--TOPICAL TERM | |
| Topical term or geographic name as entry element | Fibre Channel (Standard) |
| 650 #0 - SUBJECT ADDED ENTRY--TOPICAL TERM | |
| Topical term or geographic name as entry element | iSCSI (Computer network protocol) |
| 856 41 - ELECTRONIC LOCATION AND ACCESS | |
| Materials specified | Table of contents |
| Uniform Resource Identifier | <a href="http://www.loc.gov/catdir/toc/ecip0516/2005021323.html">http://www.loc.gov/catdir/toc/ecip0516/2005021323.html</a> |
| 942 ## - ADDED ENTRY ELEMENTS (KOHA) | |
| Item type | Book - Borrowing |
| Call number prefix | 005.8DWI |
| Withdrawn status | Item status | Damaged status | Not for loan | Home library | Current library | Shelving location | Date acquired | Source of acquisition | Total Checkouts | Full call number | Barcode | Date last seen | Koha item type |
|---|---|---|---|---|---|---|---|---|---|---|---|---|---|
| Central Library | Central Library | Lower Floor | 08/04/2015 | Purchase | 005.8DWI | 000011001 | 15/07/2025 | Book - Borrowing |